000 00602nam a2200169 a 4500
008 120416s1954 ||||||||||||||||| || u
050 _aAS 6 Tre
100 _aTrecker, Audrey R
245 1 0 _aCommittee common sense: [a manual or handbook on committee operations]
260 _aNew York
_bWhiteside
_c1954
300 _a158p.
350 _a0.00
650 _aMEETINGS
650 _aCOMMITTEES--HANDBOOKS, MANUALS, ETC
650 _aCOMMITTEES
995 _D0.00
_FCBU-MAIN LIBRARY (Kitwe)
_H1
_I6.00
_M1
_UAVAILABLE
_ZMain Library Open Access Collection
999 _c37813
_d37813